| 000 | 00692nam a2200145 a 4500 | ||
|---|---|---|---|
| 008 | 150508s1993 ||||||||||||||||| || u | ||
| 050 | _aGOV.ZAM(05)PD/1993/93 | ||
| 110 | _aGovernment of the Republic of Zambia. National Assembly | ||
| 245 | 1 | 0 |
_aOfficial verbatim report of the parliamentary debates of the second session of the seventh National Assembly _cBy the Natiional Assembly |
| 260 |
_aLusaka: _bThe National Assembly _c1993 |
||
| 300 | _avarious pagings | ||
| 500 | _a15th January- 18th March 1993 | ||
| 650 | _aPARLIAMENTARY DEBATES | ||
| 995 |
_FCBU-MAIN LIBRARY (Kitwe) _M1 _UAVAILABLE _WMay 8, 2015 _ZZambiana Collection |
||
| 999 |
_c52534 _d52534 |
||